Roots / (Record no. 4394)

MARC details
000 -LEADER
fixed length control field 00736cam a2200253 4500
001 - CONTROL NUMBER
control field 5236
005 - DATE AND TIME OF LATEST TRANSACTION
control field 20181127175050.0
008 - FIXED-LENGTH DATA ELEMENTS--GENERAL INFORMATION
fixed length control field 760420s1976 nyu 000 0ceng
010 ## - LIBRARY OF CONGRESS CONTROL NUMBER
LC control number 72076164
020 ## - INTERNATIONAL STANDARD BOOK NUMBER
International Standard Book Number 9780099362814
Terms of availability
043 ## - GEOGRAPHIC AREA CODE
Geographic area code n-us---
-- f-gm---
100 1# - MAIN ENTRY--PERSONAL NAME
Personal name Haley, Alex.
245 10 - TITLE STATEMENT
Title Roots /
Statement of responsibility, etc. Alex Haley.
250 ## - EDITION STATEMENT
Edition statement 1st ed.
260 ## - PUBLICATION, DISTRIBUTION, ETC.
Place of publication, distribution, etc. London :
Name of publisher, distributor, etc. Vintage Books,
Date of publication, distribution, etc. 1991.
300 ## - PHYSICAL DESCRIPTION
Extent viii, 688 p. ;
Dimensions 24 cm.
500 ## - GENERAL NOTE
General note ""A condensed version of a portion of this work first appeared in Reader's digest.""
600 10 - SUBJECT ADDED ENTRY--PERSONAL NAME
Personal name Haley, Alex
General subdivision Family.
Personal name Haley, Alex.
Personal name Haley family.
Personal name Kinte family.
650 #0 - SUBJECT ADDED ENTRY--TOPICAL TERM
Topical term or geographic name entry element African American families.
Topical term or geographic name entry element African Americans
Form subdivision Biography.
Holdings
Withdrawn status Lost status Source of classification or shelving scheme Damaged status Not for loan Collection code Home library Current library Shelving location Date acquired Serial Enumeration / chronology Inventory number Total Checkouts Full call number Barcode Date last seen Date last checked out Price effective from Koha item type
    Dewey Decimal Classification     Main TEST RTC Library RTC Library Main opac 01/03/2021 8519 3 920 HAL 30008676 06/07/2021 01/06/2021 27/11/2018 Main
Royal Thimphu College || All Right Reserved